| 000 | 00345nam a2200145Ia 4500 | ||
|---|---|---|---|
| 008 | 191201s2009 xx 000 0 und d | ||
| 082 |
_a658.3 _bSAH |
||
| 100 | _aSADRI,Sorab | ||
| 245 | 0 | _aHuman Resource Management | |
| 250 | _aRep | ||
| 260 |
_aN.Delhi _bHimalaya Publication House _c2009 |
||
| 300 | _a200 | ||
| 650 | _aMBA | ||
| 942 |
_2ddc _cBK |
||
| 999 |
_c4265 _d4265 |
||